Release of dimethylsulfide from dimethylsulfoniopropionate by plant-associated salt marsh fungi /

Đã lưu trong:
Bibliografiske detaljer
Hovedforfatter: Bacic, M. K.
Andre forfattere: Newell, S. Y., Yoch, D. C.
Format: Bài viết
Sprog:English
Fag:
Tags: Tilføj Tag
Ingen Tags, Vær først til at tagge denne postø!
Thư viện lưu trữ: Thư viện Trường Đại học Đà Lạt
LEADER 00980nam a2200325 4500
001 DLU090091395
005 ##20091201
040 # # |a DLU  |b eng 
041 # # |a eng 
044 # # |a us 
100 # # |a Bacic, M. K. 
245 # # |a Release of dimethylsulfide from dimethylsulfoniopropionate by plant-associated salt marsh fungi /  |c M. K. Bacic, S. Y. Newell, D. C. Yoch. 
653 # # |a Fungi  
653 # # |a Gas emission 
653 # # |a Microbial activity 
653 # # |a Salt marsh 
653 # # |a Spartina alterniflora 
653 # # |a Vegetal waste 
700 # # |a Newell, S. Y. 
700 # # |a Yoch, D. C. 
773 # # |t Applied and Environmental Microbiology  |g Vol. 64, no. 4 (April 1998), p. 1484-1489 
920 # # |a Phòng Tạp chí -- Trung tâm Thông tin - Thư viện Trường Đại học Đà Lạt 
994 # # |a DLU 
900 # # |a True 
911 # # |a Trương Bảo Trâm Anh 
925 # # |a G 
926 # # |a A 
927 # # |a BB 
980 # # |a Thư viện Trường Đại học Đà Lạt